Statistics for heart to heart lyrics

Click here to take the quiz!

General Stats

  • This quiz has been taken 15 times
  • The average score is 81 of 111

Answer Stats

Answer% Correct
I
100%
a
91%
heart
91%
the
91%
to
91%
in
82%
we
82%
all
73%
and
73%
days
64%
of
64%
so
64%
apart
55%
had
55%
together
55%
were
55%
arrival
45%
each
45%
it
45%
know
45%
late
45%
love
45%
never
45%
others
45%
saw
45%
start
45%
times
45%
assumed
27%
easy
27%
lives
27%
parallels
27%
quick
27%
seems
27%
walking
27%
sentimently
9%

Score Distribution

Percentile by Number Answered

Percent of People with Each Score

Your Score History

You have not taken this quiz